000 00460nam a22001217a 4500
999 _c21676
_d21676
008 240916b ||||| |||| 00| 0 eng d
100 _aMalong, Ian Jule A.
_eauthor.
_961111
245 _aStudents' strategic planning in the art class /
_cIan Jule A. Malong.
260 _aPhilippines;
_bPublishers Association of the Philippines, Inc.,
_cFebruary 2018.
300 _aVolume 66, pages 339.
700 _aMalong, Ian Jule A.
_eauthor.
_961111
942 _2ddc
_cPER